000 02312nam a22003017a 4500
001 8716
003 FISKH
005 20251013161857.0
008 251013b cb ||||| |||| 00| 0 eng d
020 _a9789995099879
040 _aFISKH
_bkhr
_cFISKH
_dFISKH
082 _a398.209596
100 _aSotheary, Kimsun
245 _aចៅពស់កេងកង :
_bThe granddaughter of Keng Kang snake /
_cអ្នកស្រី គឹមស៊ុន សុធារី , គណះកម្មការអំនាន អ្នកនាង វ៉ាត ចរិយា និង កញ្ញា វុិច វឌ្ឍនា
260 _aPhnom Penh :
_bReading Books ,
_c2009.
300 _a20 pages :
_bcolor illustrations ;
_c25 cm .
490 _aពិភពរឿងនិទាន
505 _aL
520 _aប្តីរបស់សូរិយា​ត្រូវបណ្តាសាក្លាយទៅជាថ្ម ចំនែកនាងក៏សំងំសម្រាលកូននៅក្នុងព្រៃតែម្នាក់ឯង ។ តែកូននាងកើតមកមានពស់នៅពេញក្បាល​ ។ នៅក្នុងព្រៃសូរិយាត្រូវបានអាបយកនាងធ្វើជាទាយាទ ។ សំណាងល្អបានចៅពស់កេងកងនិងសត្វសេក​ ជួយសម្លាប់អាបនោះ ក្រាយមកពួកគេក៏រួចផុតពីបណ្តាសា ហើយក៏បានរស់នៅយ៉ាងសុខសាន្ត​៕
520 _aSoriya’s husband was cursed and turned into stone, leaving her alone to give birth in the forest. When her child was born, there was a snake on the top of his head. While living in the forest, Soriya was captured by a sorceress who made her a servant. Luckily, the Snake King's son and a parrot came to help defeat the sorceress. After that, the curse was lifted, and they all lived happily ever after.
521 8 _a530
_bLexile estimate
521 8 _aL
_bRaz-Plus
650 _aចៅពស់កេងកង
650 _aGranddaughter of Keng Kang snake
700 _aSan, Thai
_eIllustrator
942 _2ddc
_cKHB
_n0
999 _c8716
_d8716